[Event "Primorsko op-A"]
[Site "Primorsko"]
[Date "2019.09.15"]
[Round "1"]
[White "Arnaudov, Petar"]
[Black "Yordanov, Lachezar"]
[Result "0-1"]
[WhiteElo "1914"]
[BlackElo "2262"]
[PlyCount "78"]
[EventDate "2019.09.15"]
[EventType "swiss"]
[EventRounds "9"]
[EventCountry "BUL"]
[SourceTitle "EXT 2020"]
[Source "ChessBase"]
[SourceDate "2019.10.17"]
[SourceVersion "1"]
[SourceVersionDate "2019.10.17"]
[SourceQuality "1"]

1. e4 c5 2. Nc3 Nc6 3. g3 g6 4. Bg2 Bg7 5. d3 e6 6. Be3 d6 7. Qd2 Rb8 8. Nf3 Nd4 9. Bxd4 cxd4 10. Nb5 e5 11. Nxa7 Qb6 12. Nxc8 Rxc8 13. 0-0 Bh6 14. Qd1 Qxb2 15. Rb1 Qxa2 16. Rxb7 Nf6 17. Bh3 Rd8 18. Ne1 0-0 19. f4 exf4 20. gxf4 Nh5 21. Ng2 Rb8 22. Rc7 Nxf4 23. Nxf4 Bxf4 24. Qa1 Qxa1 25. Rxa1 d5 26. Re7 dxe4 27. Rxe4 Be3+ 28. Kh1 Rfe8 29. Rf1 Ra8 30. Bg2 Rxe4 31. Bxe4 Ra5 32. Rf6 Ra1+ 33. Kg2 Rg1+ 34. Kh3 Kg7 35. Rc6 h5 36. Bf3 Rf1 37. Bg2 Rf2 38. c4 dxc3 39. Rxc3 Rf4 0-1

[Event "Teteven op 32nd"]
[Site "Teteven"]
[Date "2018.08.19"]
[Round "9"]
[White "Arnaudov, Petar"]
[Black "Nikolov, Sasho"]
[Result "1/2-1/2"]
[WhiteElo "2008"]
[BlackElo "2309"]
[PlyCount "73"]
[EventDate "2018.08.11"]
[EventType "swiss"]
[EventRounds "9"]
[EventCountry "BUL"]
[SourceTitle "CBM 186 Extra"]
[Source "ChessBase"]
[SourceDate "2018.08.24"]
[SourceVersion "1"]
[SourceVersionDate "2018.08.24"]
[SourceQuality "1"]

1. c4 e6 2. Nf3 d5 3. g3 Nf6 4. Bg2 Be7 5. 0-0 0-0 6. b3 b6 7. Bb2 Bb7 8. e3 Nbd7 9. Qe2 c5 10. Rd1 Qc7 11. Nc3 Rad8 12. cxd5 Nxd5 13. Nxd5 Bxd5 14. e4 Bb7 15. d4 Qb8 16. Rac1 Rfe8 17. h4 h6 18. Nh2 cxd4 19. Bxd4 e5 20. Bb2 Nc5 21. Ng4 Ba6 22. Qf3 Nd3 23. Rc2 Nxb2 24. Rxb2 Rxd1+ 25. Qxd1 Rd8 26. Rd2 Rxd2 27. Qxd2 Qd6 28. Qc2 h5 29. Ne3 g6 30. Bf1 Bb7 31. Bc4 Qc5 32. a4 Kg7 33. Qd3 Qd4 34. Qxd4 exd4 35. Nd5 Bc5 36. Kf1 Bxd5 37. exd5 1/2-1/2

[Event "Sofia Gerenski Memorial 11th"]
[Site "Sofia"]
[Date "2018.03.24"]
[Round "6"]
[White "Milanov, Milan1111"]
[Black "Arnaudov, Petar"]
[Result "0-1"]
[WhiteElo "1592"]
[BlackElo "2008"]
[PlyCount "31"]
[EventDate "2018.03.21"]
[EventType "swiss"]
[EventRounds "7"]
[EventCountry "BUL"]
[SourceTitle "CBM 183 Extra"]
[Source "ChessBase"]
[SourceDate "2018.04.19"]
[SourceVersion "1"]
[SourceVersionDate "2018.04.19"]
[SourceQuality "1"]

1. e4 d5 2. exd5 Qxd5 3. Nc3 Qa5 4. Nf3 e5 5. Bc4 Be7 6. 0-0 Nc6 7. Re1 Nf6 8. h3 0-0 9. d4 Be6 10. Bxe6 fxe6 11. Nxe5 Bb4 12. Nxc6 bxc6 13. Qd3 c5 14. dxc5 Bxc3 15. Qxc3 Qxc3 16. bxc3 0-1

[Event "Catalunya-chT GpA final"]
[Site "Barcelona"]
[Date "2017.03.25"]
[Round "3.6"]
[White "Arnaudov, Petar"]
[Black "Fernandez Diaz, Cristian"]
[Result "1-0"]
[WhiteElo "2093"]
[BlackElo "2259"]
[PlyCount "41"]
[EventDate "2017.03.11"]
[EventType "team-tourn"]
[EventRounds "11"]
[EventCountry "ESP"]
[SourceTitle "CBM 177 Extra"]
[Source "ChessBase"]
[SourceDate "2017.04.27"]
[SourceVersion "1"]
[SourceVersionDate "2017.04.27"]
[SourceQuality "1"]
[WhiteTeam "Barbera"]
[BlackTeam "Mollet"]
[WhiteTeamCountry "ESP"]
[BlackTeamCountry "ESP"]

1. Nf3 Nf6 2. c4 g6 3. Nc3 Bg7 4. e4 d6 5. d4 0-0 6. h3 e5 7. d5 a5 8. g4 Na6 9. Be3 h5 10. Be2 hxg4 11. Ng5 Nh5 12. Nh7 Re8 13. hxg4 Nf4 14. g5 Nc5 15. Qd2 Qe7 16. 0-0-0 Bd7 17. Bxf4 exf4 18. Qxf4 Qe5 19. Qh4 Nxe4 20. f4 Qf5 21. Bd3 1-0

[Event "Primorsko op"]
[Site "Primorsko"]
[Date "2016.09.22"]
[Round "5"]
[White "Ilkov, Dani"]
[Black "Arnaudov, Petar"]
[Result "0-1"]
[WhiteElo "1539"]
[BlackElo "2007"]
[PlyCount "62"]
[EventDate "2016.09.18"]
[EventType "swiss"]
[EventRounds "9"]
[EventCountry "BUL"]
[SourceTitle "CBM 174 Extra"]
[Source "ChessBase"]
[SourceDate "2016.10.10"]
[SourceVersion "1"]
[SourceVersionDate "2016.10.10"]
[SourceQuality "1"]

1. Nf3 d6 2. d4 Bg4 3. e3 e6 4. b3 Nf6 5. Nbd2 Nbd7 6. Be2 d5 7. 0-0 a5 8. c4 c6 9. Qc2 a4 10. bxa4 Qa5 11. Bd1 Bf5 12. Qb3 Bb4 13. a3 Bc3 14. Ra2 Bd3 15. Re1 dxc4 16. Qxb7 0-0 17. Qxc6 Rab8 18. Bc2 Rfc8 19. Qd6 Nb6 20. Bxd3 cxd3 21. Nb3 Qxa4 22. Nc5 Qc4 23. Bd2 Qxa2 24. Bxc3 Nbd5 25. Bb4 Nxb4 26. axb4 d2 27. Nxd2 Qxd2 28. Ra1 Rxb4 29. h3 Rb2 30. Rf1 Qe2 31. Nxe6 Qxf1+ 0-1

[Event "Primorsko op"]
[Site "Primorsko"]
[Date "2016.09.18"]
[Round "1"]
[White "Petrov, Marian"]
[Black "Arnaudov, Petar"]
[Result "1-0"]
[WhiteElo "2469"]
[BlackElo "2007"]
[PlyCount "69"]
[EventDate "2016.09.18"]
[EventType "swiss"]
[EventRounds "9"]
[EventCountry "BUL"]
[SourceTitle "CBM 174 Extra"]
[Source "ChessBase"]
[SourceDate "2016.10.10"]
[SourceVersion "1"]
[SourceVersionDate "2016.10.10"]
[SourceQuality "1"]

1. e4 c5 2. Nf3 g6 3. c3 Qa5 4. Na3 Bg7 5. Nc4 Qc7 6. a4 b6 7. d4 Nf6 8. e5 Nd5 9. dxc5 Bb7 10. cxb6 axb6 11. Na3 0-0 12. Bc4 Qc5 13. 0-0 Nc7 14. Re1 Ne6 15. b3 Qc6 16. Nc2 Na6 17. Ncd4 Qc8 18. Ng5 Nac5 19. h4 Nxd4 20. cxd4 Ne6 21. Be3 Qd8 22. Rc1 Nxg5 23. Bxg5 h6 24. Be3 d5 25. Bd3 Ba6 26. Bb1 h5 27. Qd2 e6 28. Bg5 Qd7 29. g4 Rfc8 30. gxh5 Rxc1 31. Rxc1 Rc8 32. hxg6 fxg6 33. Bxg6 Bf8 34. Rxc8 Qxc8 35. Bf6 1-0

[Event "Albena Vivacom op"]
[Site "Albena"]
[Date "2015.09.18"]
[Round "7"]
[White "Arnaudov, Petar"]
[Black "Galunova, Tsveta"]
[Result "1-0"]
[WhiteElo "2002"]
[BlackElo "2151"]
[PlyCount "103"]
[EventDate "2015.09.14"]
[EventType "swiss"]
[EventRounds "9"]
[EventCountry "BUL"]
[SourceTitle "EXT 2016"]
[Source "ChessBase"]
[SourceDate "2015.10.08"]
[SourceVersion "1"]
[SourceVersionDate "2015.10.08"]
[SourceQuality "1"]

1. d4 d5 2. Bg5 Nf6 3. Bxf6 exf6 4. e3 Be7 5. Bd3 0-0 6. c3 Re8 7. Nd2 f5 8. Qf3 g6 9. Ne2 Qd6 10. h4 Nd7 11. h5 Nf8 12. 0-0-0 Rb8 13. Nf4 Be6 14. hxg6 fxg6 15. Qh3 b5 16. Kb1 Bf6 17. Rc1 a5 18. Nb3 a4 19. Nc5 Bf7 20. a3 Qc6 21. g4 fxg4 22. Qxg4 Be7 23. Rh6 Rb6 24. Rch1 Bxc5 25. dxc5 Qxc5 26. Rxh7 Qd6 27. Rh8+ Kg7 28. R1h6 Bg8 29. Nxg6 Nxg6 30. Rxg8+ Rxg8 31. Rxg6+ Qxg6 32. Bxg6 Rxg6 33. Qd7+ Kh8 34. Qxd5 c6 35. Qh5+ Kg7 36. Qe5+ Kf7 37. f4 Re8 38. Qf5+ Kg7 39. e4 Rge6 40. e5 Kg8 41. Kc2 Kg7 42. c4 Kg8 43. Kc3 Kg7 44. c5 Kg8 45. Kb4 Kg7 46. Ka5 Kg8 47. Kb6 Kg7 48. Qg4+ Kf8 49. f5 Rxe5 50. f6 Kf7 51. Qg7+ Ke6 52. f7 1-0

[Event "Albena Vivacom op"]
[Site "Albena"]
[Date "2015.09.17"]
[Round "5"]
[White "Arnaudov, Petar"]
[Black "Nikolov, Sasho"]
[Result "0-1"]
[WhiteElo "2002"]
[BlackElo "2364"]
[PlyCount "174"]
[EventDate "2015.09.14"]
[EventType "swiss"]
[EventRounds "9"]
[EventCountry "BUL"]
[SourceTitle "EXT 2016"]
[Source "ChessBase"]
[SourceDate "2015.10.08"]
[SourceVersion "1"]
[SourceVersionDate "2015.10.08"]
[SourceQuality "1"]

1. Nf3 Nf6 2. g3 d5 3. Bg2 c6 4. b3 Bg4 5. Bb2 Nbd7 6. d3 e6 7. Nbd2 Bc5 8. 0-0 0-0 9. h3 Bxf3 10. Bxf3 a5 11. a3 Qe7 12. e4 dxe4 13. dxe4 e5 14. Qe2 Rfd8 15. Rfd1 Ne8 16. c3 Ba7 17. Nc4 Nc7 18. b4 axb4 19. axb4 Nb5 20. Kg2 Nf8 21. Rxd8 Rxd8 22. Rd1 Rxd1 23. Qxd1 h6 24. Qd3 Ng6 25. Bc1 Qf6 26. Bd2 Nf8 27. Be1 Qe7 28. Bg4 g6 29. h4 h5 30. Bd1 Kg7 31. Bb3 Nd7 32. Bd2 Nf6 33. Bg5 Qc7 34. Ba4 Ng4 35. Ne3 Bxe3 36. Bxe3 Nxe3+ 37. Qxe3 Nd6 38. Bb3 Ne8 39. c4 Nf6 40. c5 Ng4 41. Qd3 Qe7 42. f3 Nf6 43. Kf2 Ne8 44. Bc4 Kf8 45. Ke2 Nc7 46. Kf2 Ne8 47. Ke2 Kg7 48. Kf2 Nf6 49. Ke2 Kf8 50. Ke3 Nd7 51. Kf2 Ke8 52. Qa3 Nb8 53. Qd3 Qc7 54. Kg2 Nd7 55. Qe3 b6 56. cxb6 Nxb6 57. Bb3 Nc8 58. Qc3 Na7 59. Ba4 Qd6 60. Kf2 Ke7 61. Ke2 Kf6 62. Qc5 Qd7 63. Ke3 Nb5 64. Bxb5 cxb5 65. Ke2 Ke6 66. Qb6+ Ke7 67. Qc5+ Kf6 68. Qb6+ Kg7 69. Qc5 Qe8 70. Ke3 Qb8 71. Ke2 Qe8 72. Ke3 Kf6 73. Qd6+ Qe6 74. Qd8+ Kg7 75. Qd3 Qb6+ 76. Ke2 Qg1 77. Qxb5 Qg2+ 78. Ke3 Qxg3 79. Qd5 g5 80. b5 g4 81. Qd1 Qf4+ 82. Kf2 Qh2+ 83. Ke3 g3 84. Qd8 Qf2+ 85. Kd3 Qxf3+ 86. Kd2 Qf4+ 87. Kc3 g2 0-1

[Event "Teteven op 30th"]
[Site "Teteven"]
[Date "2015.08.12"]
[Round "3"]
[White "Arnaudov, Petar"]
[Black "Ivanov, Bogidar"]
[Result "0-1"]
[WhiteElo "2016"]
[BlackElo "2226"]
[PlyCount "92"]
[EventDate "2015.08.10"]
[EventType "swiss"]
[EventRounds "9"]
[EventCountry "BUL"]
[SourceTitle "CBM 167 Extra"]
[Source "ChessBase"]
[SourceDate "2015.09.14"]
[SourceVersion "1"]
[SourceVersionDate "2015.09.14"]
[SourceQuality "1"]

1. e4 Nc6 2. Bb5 d5 3. e5 Bd7 4. Bxc6 bxc6 5. b3 c5 6. Bb2 e6 7. Nf3 Ne7 8. Nc3 Nf5 9. Ne2 Be7 10. Ng3 Nxg3 11. hxg3 Rb8 12. Qe2 c4 13. Bc3 c5 14. d3 cxd3 15. cxd3 a5 16. 0-0 0-0 17. Rfc1 a4 18. Nd2 Qb6 19. Rab1 Qa6 20. Qf3 Bb5 21. d4 Bd3 22. Ra1 cxd4 23. Bxd4 Ba3 24. Rc7 Qa5 25. Rc3 Bg6 26. Qe3 Bb4 27. a3 Bxc3 28. Bxc3 Qb5 29. Bb4 Rfc8 30. bxa4 Qxa4 31. Re1 Rc2 32. Nf3 h6 33. Nd4 Rc4 34. g4 Rbxb4 35. axb4 Rxb4 36. Nf3 Rxg4 37. Rc1 Kh7 38. Nd2 Rd4 39. Nf3 Rd3 40. Qc5 Qg4 41. Kf1 Qh5 42. Kg1 Be4 43. Ne1 Rb3 44. f3 Bg6 45. Qd4 Qg5 46. Kf2 Qxc1 0-1

[Event "Sunny Beach op-B 13th"]
[Site "Sunny Beach"]
[Date "2014.09.14"]
[Round "9"]
[White "Arnaudov, Petar"]
[Black "Berezovics, Alexander"]
[Result "0-1"]
[WhiteElo "2058"]
[BlackElo "2233"]
[PlyCount "40"]
[EventDate "2014.09.06"]
[EventType "swiss"]
[EventRounds "9"]
[EventCountry "BUL"]
[SourceTitle "CBM 162 Extra"]
[Source "ChessBase"]
[SourceDate "2014.10.17"]
[SourceVersion "1"]
[SourceVersionDate "2014.10.17"]
[SourceQuality "1"]

1. e4 d6 2. d4 g6 3. Nc3 Bg7 4. g3 Nf6 5. Bg2 0-0 6. Nge2 Nc6 7. 0-0 e5 8. h3 a6 9. a4 Bd7 10. Be3 exd4 11. Nxd4 Re8 12. Qd2 Ne5 13. Qe2 c5 14. Nb3 Bc6 15. Rfd1 Qc7 16. Rd2 b6 17. Rad1 Bf8 18. Bg5 Ned7 19. Bf4 Ne5 20. g4 h6 0-1

[Event "Vidin Balkan Amateur op 5th"]
[Site "Vidin"]
[Date "2014.08.25"]
[Round "3"]
[White "Arnaudov, Petar"]
[Black "Martian, Dragos Daniel"]
[Result "1-0"]
[WhiteElo "2074"]
[BlackElo "2199"]
[PlyCount "85"]
[EventDate "2014.08.23"]
[EventType "swiss"]
[EventRounds "9"]
[EventCountry "BUL"]
[SourceTitle "CBM 162 Extra"]
[Source "ChessBase"]
[SourceDate "2014.10.17"]
[SourceVersion "1"]
[SourceVersionDate "2014.10.17"]
[SourceQuality "1"]

1. Nf3 c5 2. c4 Nc6 3. g3 g6 4. Bg2 Bg7 5. 0-0 e6 6. Nc3 Nge7 7. d3 d6 8. Bg5 h6 9. Bd2 0-0 10. Qc1 Kh7 11. Rb1 b6 12. a3 Bb7 13. b4 Qd7 14. e3 Rfd8 15. Ne2 Rac8 16. Bc3 Bxc3 17. Qxc3 cxb4 18. axb4 a5 19. bxa5 bxa5 20. Qf6 Ng8 21. Qa1 Nb4 22. Rfd1 Ra8 23. h4 Bc6 24. Rd2 e5 25. e4 Qa7 26. Nc3 Nf6 27. Nd5 Bxd5 28. exd5 Rdc8 29. Bh3 Rc7 30. Kg2 Qb8 31. Re2 Qd8 32. Qc3 Re7 33. Ne1 e4 34. dxe4 Rxe4 35. Rxe4 Nxe4 36. Qe3 Qe8 37. h5 Ng5 38. hxg6+ fxg6 39. Be6 Rb8 40. Nf3 Nc2 41. Nxg5+ hxg5 42. Rh1+ Kg7 43. Qc3+ 1-0

[Event "Varna op-B 8th"]
[Site "Varna"]
[Date "2014.06.27"]
[Round "9"]
[White "Aliyev, Ravan"]
[Black "Arnaudov, Petar"]
[Result "1-0"]
[WhiteElo "1963"]
[BlackElo "2081"]
[PlyCount "121"]
[EventDate "2014.06.19"]
[EventType "swiss"]
[EventRounds "9"]
[EventCountry "BUL"]
[SourceTitle "CBM 161 Extra"]
[Source "ChessBase"]
[SourceDate "2014.08.29"]
[SourceVersion "1"]
[SourceVersionDate "2014.08.29"]
[SourceQuality "1"]

1. e4 d6 2. Nc3 a6 3. a4 g6 4. g3 Bg7 5. Bg2 c5 6. Nge2 Nc6 7. d3 Rb8 8. Be3 b5 9. axb5 axb5 10. Qd2 b4 11. Nd1 Nd4 12. Bxd4 cxd4 13. b3 h5 14. h3 e5 15. 0-0 Be6 16. Nb2 d5 17. exd5 Bxd5 18. Bxd5 Qxd5 19. Nc4 Ne7 20. Ra5 Qe6 21. Kh2 0-0 22. Re1 Nc6 23. Ra6 Qd5 24. Ng1 Rfe8 25. f4 exf4 26. Rxe8+ Rxe8 27. Qxf4 Ne5 28. Nxe5 Rxe5 29. Qf2 h4 30. Qg2 hxg3+ 31. Kh1 Qd7 32. Ra8+ Kh7 33. Qxg3 Rh5 34. Ra4 Be5 35. Qg2 Bd6 36. Ra6 Bf4 37. Rf6 Be3 38. Rf3 Rg5 39. Rg3 Rf5 40. Rf3 Ra5 41. Rf1 Rg5 42. Qf3 Kg8 43. Ne2 Rf5 44. Qa8+ Kg7 45. Rxf5 Qxf5 46. Qg2 Kh6 47. Ng3 Qf4 48. Ne2 Qh4 49. Qg3 Qf6 50. Qg2 Kg7 51. Ng3 Qe5 52. Qf3 Qg5 53. Qg4 Qd5+ 54. Qe4 Qd6 55. Nf1 Bf4 56. Kg2 f5 57. Qb7+ Kh6 58. Qf3 Qe5 59. Kh1 Bg5 60. Qa8 Bf6 61. Qf8+ 1-0

[Event "Varna op-B 8th"]
[Site "Varna"]
[Date "2014.06.23"]
[Round "5"]
[White "Dimov, Danail"]
[Black "Arnaudov, Petar"]
[Result "0-1"]
[WhiteElo "1881"]
[BlackElo "2081"]
[PlyCount "62"]
[EventDate "2014.06.19"]
[EventType "swiss"]
[EventRounds "9"]
[EventCountry "BUL"]
[SourceTitle "CBM 161 Extra"]
[Source "ChessBase"]
[SourceDate "2014.08.29"]
[SourceVersion "1"]
[SourceVersionDate "2014.08.29"]
[SourceQuality "1"]

1. Nf3 f5 2. d4 Nf6 3. g3 e6 4. Bg2 d5 5. c4 c6 6. b3 Bd6 7. 0-0 0-0 8. Ba3 Bxa3 9. Nxa3 Bd7 10. Ne5 Be8 11. Qc2 Nbd7 12. cxd5 Nxd5 13. Nxd7 Qxd7 14. Nc4 g5 15. Ne5 Qg7 16. e4 fxe4 17. Bxe4 Rd8 18. Rad1 Bh5 19. Rd2 Rf6 20. Bxd5 exd5 21. b4 Bf3 22. Qc3 Rdf8 23. Nxf3 Rxf3 24. Rd3 R3f5 25. Kg2 h5 26. Re3 h4 27. f3 Qh7 28. a3 hxg3 29. hxg3 g4 30. f4 Qh3+ 31. Kf2 Rxf4+ 0-1

[Event "Kesarovski Georgiev Memorial-B 12th"]
[Site "Sunny Beach"]
[Date "2013.09.05"]
[Round "6"]
[White "Arnaudov, Petar"]
[Black "Bonev, Todor"]
[Result "1-0"]
[WhiteElo "2115"]
[BlackElo "2284"]
[PlyCount "97"]
[EventDate "2013.08.31"]
[EventType "swiss"]
[EventRounds "9"]
[EventCountry "BUL"]
[SourceTitle "CBM 156 Extra"]
[Source "ChessBase"]
[SourceDate "2013.10.22"]
[SourceVersion "1"]
[SourceVersionDate "2013.10.22"]
[SourceQuality "1"]

1. Nf3 Nf6 2. g3 b6 3. Bg2 Bb7 4. 0-0 c5 5. d3 g6 6. e4 d6 7. Nc3 Bg7 8. Nh4 Nc6 9. f4 Nd7 10. Nd5 e6 11. Ne3 Qe7 12. c3 0-0-0 13. Nf3 f5 14. exf5 gxf5 15. Re1 Qf6 16. Nc4 Nf8 17. a4 d5 18. Nce5 Nd7 19. Nxc6 Bxc6 20. a5 Kb7 21. Be3 Qe7 22. Bf2 h6 23. Qb3 Qd6 24. Qa3 Rhe8 25. d4 Ra8 26. b3 Bf8 27. Qb2 Kc7 28. Qc2 Nf6 29. Ne5 Ne4 30. b4 c4 31. axb6+ axb6 32. Bxe4 fxe4 33. g4 Bg7 34. Ng6 Kb7 35. Bg3 Rg8 36. f5 Qd7 37. Qf2 exf5 38. gxf5 h5 39. Qf4 Bf6 40. h4 Ba4 41. Kh2 Bc2 42. Ne5 Qh7 43. b5 e3 44. Nc6 Qd7 45. Rxa8 Rxa8 46. Ra1 Qc8 47. Rxa8 Kxa8 48. Qd6 Kb7 49. Qxf6 1-0